| 000 | 00861nam0a2200277 4500 | ||
|---|---|---|---|
| 001 | RU\NLR\BIBL_A\022012480 | ||
| 005 | 20250625084810.0 | ||
| 010 | _91500 | ||
| 035 | _a(NLR Aleph) 022012480 | ||
| 090 |
_a13316916 _c13316916 |
||
| 100 | _a20230828d1987 |||y0rusy50 ca | ||
| 101 | 0 | _achv | |
| 102 | _aRU | ||
| 105 | _ac z 000 y | ||
| 181 | 0 |
_ai _baxxe |
|
| 182 | 0 | _an | |
| 200 | 1 |
_aЧăвашсен малтанхи публицисчěсем _fИ. Я. Тенюшев |
|
| 203 |
_aТекст _bвизуальный _cнепосредственный |
||
| 210 |
_aШупашкар _cЧǎваш кěнеке изв-ви _d1987 |
||
| 215 |
_a66,[2] с. _cпортр. _d20 |
||
| 686 | 1 | _aЧ612.3 | |
| 700 | 1 |
_aТенюшев _bИ. Я. _gИван Яковлевич _4070 |
|
| 852 |
_aNLR _bОНЛ _jЧув./2-4236 |
||
| 942 | _cBOOK | ||
| 980 | _aNB | ||